Cơ sở lý thuyết hóa học
Đã lưu trong:
| Format: | Bog |
|---|---|
| Sprog: | Undetermined |
| Udgivet: |
Hà Nội
Giáo dục
2010
|
| Fag: | |
| Tags: |
Tilføj Tag
Ingen Tags, Vær først til at tagge denne postø!
|
| Thư viện lưu trữ: | Trung tâm Học liệu Trường Đại học Cần Thơ |
|---|
| LEADER | 00522nam a2200181Ia 4500 | ||
|---|---|---|---|
| 001 | CTU_177414 | ||
| 008 | 210402s9999 xx 000 0 und d | ||
| 020 | |c 12500 | ||
| 082 | |a 541.2 | ||
| 082 | |b C460/P.1 | ||
| 245 | 0 | |a Cơ sở lý thuyết hóa học | |
| 245 | 0 | |c Nguyễn Đình Chi | |
| 260 | |a Hà Nội | ||
| 260 | |b Giáo dục | ||
| 260 | |c 2010 | ||
| 650 | |a Chemistry, physical and theoretical,Molecular structure | ||
| 904 | |i Hải | ||
| 980 | |a Trung tâm Học liệu Trường Đại học Cần Thơ | ||